[Event "CZE-chT2F 0910"]
[Site "Czech Republic"]
[Date "2010.03.14"]
[Round "9.2"]
[White "Buran, Robert"]
[Black "Pecha, Tomas"]
[Result "1-0"]
[WhiteElo "2077"]
[BlackElo "2241"]
[PlyCount "81"]
[EventDate "2009.10.18"]
[EventType "team-tourn"]
[EventRounds "11"]
[EventCountry "CZE"]
[SourceTitle "EXT 2012"]
[Source "ChessBase"]
[SourceDate "2011.11.24"]
[SourceVersion "1"]
[SourceVersionDate "2011.11.24"]
[SourceQuality "1"]
[WhiteTeam "Bruntal"]
[BlackTeam "Frydek Mistek II"]
[WhiteTeamCountry "CZE"]
[BlackTeamCountry "CZE"]

1. e4 e5 2. Nc3 Nf6 3. f4 d5 4. fxe5 Nxe4 5. Nf3 Be7 6. d4 c5 7. Be3 Nxc3 8. bxc3 c4 9. Be2 Be6 10. 0-0 Nc6 11. Qe1 0-0 12. Qg3 Kh8 13. Ng5 Bxg5 14. Bxg5 Qd7 15. Rf2 b5 16. Raf1 a5 17. Qh4 Rg8 18. Rf4 Rgb8 19. Qh5 Qe8 20. Rh4 Qg8 21. Rf6 Rc8 22. Bg4 Bxg4 23. Qxg4 Nd8 24. Rfh6 Ne6 25. Rxh7+ Qxh7 26. Rxh7+ Kxh7 27. Be7 Kg8 28. Qf3 Ra7 29. Bd6 Nc7 30. Bxc7 Rcxc7 31. Qxd5 Rab7 32. Qf3 a4 33. a3 Re7 34. Qc6 Rec7 35. Qe8+ Kh7 36. Kf2 Re7 37. Qc6 Rec7 38. Qe4+ Kg8 39. Kf3 Re7 40. d5 Red7 41. Ke3 1-0

[Event "CZE-chT2F 0910"]
[Site "Czech Republic"]
[Date "2010.02.28"]
[Round "8.2"]
[White "Helis, Tadeusz"]
[Black "Buran, Robert"]
[Result "1-0"]
[WhiteElo "2288"]
[BlackElo "2077"]
[PlyCount "69"]
[EventDate "2009.10.18"]
[EventType "team-tourn"]
[EventRounds "11"]
[EventCountry "CZE"]
[SourceTitle "EXT 2012"]
[Source "ChessBase"]
[SourceDate "2011.11.24"]
[SourceVersion "1"]
[SourceVersionDate "2011.11.24"]
[SourceQuality "1"]
[WhiteTeam "Benesov"]
[BlackTeam "Bruntal"]
[WhiteTeamCountry "CZE"]
[BlackTeamCountry "CZE"]

1. Nf3 d5 2. c4 e6 3. g3 Nf6 4. Bg2 c5 5. 0-0 Nc6 6. b3 Be7 7. Bb2 d4 8. e3 e5 9. exd4 exd4 10. d3 0-0 11. Nbd2 Bf5 12. Qb1 Qc7 13. Ng5 Rfe8 14. Nge4 Rad8 15. a3 a5 16. Qc2 b6 17. Rae1 Qd7 18. Nxf6+ Bxf6 19. Ne4 Be7 20. f4 h5 21. Nf2 Bd6 22. Qd1 g6 23. Qf3 Nb8 24. h3 Kg7 25. g4 hxg4 26. hxg4 Be6 27. f5 gxf5 28. gxf5 Bxf5 29. Ne4 Rh8 30. Nxd6 Qxd6 31. Qxf5 Qh2+ 32. Kf2 Rh6 33. Re4 Rdd6 34. Ke1 Rdf6 35. Rg4+ 1-0

[Event "CZE-chT2F 0910"]
[Site "Czech Republic"]
[Date "2010.01.17"]
[Round "5.2"]
[White "Weissmann, Lukas"]
[Black "Buran, Robert"]
[Result "1/2-1/2"]
[WhiteElo "2138"]
[BlackElo "2077"]
[PlyCount "116"]
[EventDate "2009.10.18"]
[EventType "team-tourn"]
[EventRounds "11"]
[EventCountry "CZE"]
[SourceTitle "EXT 2012"]
[Source "ChessBase"]
[SourceDate "2011.11.24"]
[SourceVersion "1"]
[SourceVersionDate "2011.11.24"]
[SourceQuality "1"]
[WhiteTeam "Dobra"]
[BlackTeam "Bruntal"]
[WhiteTeamCountry "CZE"]
[BlackTeamCountry "CZE"]

1. e4 Nf6 2. e5 Nd5 3. d4 d6 4. Nf3 Bg4 5. Be2 e6 6. 0-0 Be7 7. c4 Nb6 8. h3 Bh5 9. Nc3 0-0 10. Be3 d5 11. cxd5 Nxd5 12. Qb3 Nxc3 13. bxc3 b6 14. Rfd1 c6 15. c4 Qc7 16. d5 cxd5 17. cxd5 exd5 18. Qxd5 Qc6 19. Rac1 Qxd5 20. Rxd5 Bg6 21. Rc7 Bd8 22. Rc3 Be4 23. Rd4 Bb7 24. Bc1 Nc6 25. Rd7 Bc8 26. Rd2 Nb4 27. a3 Na6 28. Bb5 Nc5 29. Bc6 Rb8 30. Rd4 Bb7 31. Bxb7 Rxb7 32. Rd5 Be7 33. Be3 Re8 34. Nd4 Ne4 35. Rc4 Nc5 36. Nf5 Ne6 37. a4 f6 38. exf6 Bxf6 39. Nd6 Rd8 40. Re4 Re7 41. Rd2 Nc5 42. Rxe7 Bxe7 43. Bxc5 bxc5 44. Nc4 Kf7 45. Rxd8 Bxd8 46. Kf1 Ke6 47. Ke2 Kd5 48. Kd3 Bf6 49. Ne3+ Kc6 50. Nc4 Kd5 51. f4 Bd4 52. g4 g6 53. Nd2 a6 54. Nc4 Bf2 55. Nb6+ Kc6 56. Nc4 Kd5 57. Nb6+ Kc6 58. Nc4 Kd5 1/2-1/2

[Event "CZE-chT2F 0910"]
[Site "Czech Republic"]
[Date "2009.11.08"]
[Round "2.2"]
[White "Buran, Robert"]
[Black "Strasil, Pavel"]
[Result "1/2-1/2"]
[WhiteElo "2077"]
[BlackElo "2146"]
[PlyCount "63"]
[EventDate "2009.10.18"]
[EventType "team-tourn"]
[EventRounds "11"]
[EventCountry "CZE"]
[SourceTitle "EXT 2012"]
[Source "ChessBase"]
[SourceDate "2011.11.24"]
[SourceVersion "1"]
[SourceVersionDate "2011.11.24"]
[SourceQuality "1"]
[WhiteTeam "Bruntal"]
[BlackTeam "Sumperk"]
[WhiteTeamCountry "CZE"]
[BlackTeamCountry "CZE"]

1. e4 c5 2. f4 Nc6 3. Nf3 g6 4. Bb5 Bg7 5. Bxc6 dxc6 6. d3 Nf6 7. Nc3 0-0 8. 0-0 b6 9. Qe1 Bg4 10. Ne5 Bd7 11. Qh4 Ne8 12. Nxd7 Qxd7 13. Rf3 Bf6 14. Qh6 Bg7 15. Qh4 Bf6 16. Qe1 Bd4+ 17. Kh1 f5 18. Rh3 e5 19. Ne2 exf4 20. c3 Be3 21. Bxe3 fxe3 22. exf5 Rxf5 23. Rxe3 Nd6 24. Ng3 Rf7 25. Qe2 Raf8 26. Kg1 Nf5 27. Nxf5 Qxf5 28. Rf3 Qd5 29. Rxf7 Rxf7 30. b3 Kg7 31. Rf1 Rxf1+ 32. Kxf1 1/2-1/2

[Event "Moravia-Silesia Region-chT 0708"]
[Site "Czech Republic"]
[Date "2008.02.10"]
[Round "7.5"]
[White "Buran, Robert"]
[Black "Schuster, Vit"]
[Result "0-1"]
[WhiteElo "2057"]
[BlackElo "2068"]
[PlyCount "60"]
[EventDate "2007.10.28"]
[EventType "team-tourn"]
[EventRounds "11"]
[EventCountry "CZE"]
[SourceTitle "EXT 2024"]
[Source "ChessBase"]
[SourceDate "2023.10.10"]
[SourceVersion "1"]
[SourceVersionDate "2023.10.10"]
[SourceQuality "1"]

1. e4 e5 2. Nc3 Nc6 3. f4 d6 4. Nf3 Nf6 5. Bb5 exf4 6. d4 Bd7 7. Bxf4 h6 8. Qe2 Be7 9. 0-0 0-0 10. Rad1 a6 11. Ba4 b5 12. Bb3 Na5 13. e5 Nh5 14. Be3 Nxb3 15. axb3 b4 16. Ne1 bxc3 17. Qxh5 cxb2 18. Rf3 Bg5 19. Nd3 Qc8 20. Bxg5 Bg4 21. Qh4 Bxf3 22. gxf3 hxg5 23. Qxg5 dxe5 24. dxe5 Rb8 25. Nf4 Qd8 26. Qxd8 Rfxd8 27. Rb1 Rd2 28. Rxb2 c5 29. Kf1 c4 30. Ke1 c3 0-1

[Event "Moravia-Silesia Region-chT 0708"]
[Site "Czech Republic"]
[Date "2007.11.11"]
[Round "2.4"]
[White "Buran, Robert"]
[Black "Olsarova, Karolina"]
[Result "0-1"]
[WhiteElo "2057"]
[BlackElo "2027"]
[PlyCount "82"]
[EventDate "2007.10.28"]
[EventType "team-tourn"]
[EventRounds "11"]
[EventCountry "CZE"]
[SourceTitle "EXT 2024"]
[Source "ChessBase"]
[SourceDate "2023.10.10"]
[SourceVersion "1"]
[SourceVersionDate "2023.10.10"]
[SourceQuality "1"]

1. e4 e5 2. Nc3 Nf6 3. f4 d5 4. fxe5 Nxe4 5. Nf3 Bc5 6. d4 Bb4 7. Bd2 c5 8. Bb5+ Nc6 9. Qe2 0-0 10. Nxe4 dxe4 11. Bxc6 bxc6 12. Qxe4 Bxd2+ 13. Nxd2 cxd4 14. Nb3 Re8 15. 0-0 Ba6 16. Rf3 Qb6 17. Re1 Rad8 18. Kh1 c5 19. Qf5 Bc4 20. Rh3 h6 21. Qf4 Re6 22. Rg3 Rde8 23. h3 Bd5 24. Rf1 Rxe5 25. Nxc5 Qxc5 26. Qxh6 Qf8 27. Rf4 R8e6 28. Qh4 Re4 29. Rxe4 Bxe4 30. Rg5 g6 31. Qg4 Qg7 32. Rc5 Qf6 33. h4 Bf5 34. Qg3 Re4 35. Kg1 Qxh4 36. Qxh4 Rxh4 37. g3 Re4 38. Kf2 Bg4 39. Rc4 Re2+ 40. Kf1 Rd2 41. b4 Be2+ 0-1